=LDR 00000nam 2200000 4500 =001 INLIS000000000006570 =005 20251111092756 =035 ##$$a 0010-1125000444 =007 ta =008 251111###########################0#ind## =082 ##$$a 338.9 =084 ##$$a 338.9 HAS =245 ##$$a Hasil Pendataan dan Rencana Pendukungan Program Pembangunan /$c Badan Koordinasi Keluarga Berencana Nasional =260 ##$$a Blitar :$b Badan Koordinasi Keluarga Berencana Nasional,$c 1994 =300 ##$$a 24 Hal : $b Ilus ; $c 21 =650 #4$$a Keluarga Berencana =856 ##$$a Perpustakaan Kemendukbangga